MARC details
| 000 -CABECERA |
| campo de control de longitud fija |
01009cam a22001931 4500 |
| 001 - NÚMERO DE CONTROL |
| campo de control |
000001137 |
| 005 - FECHA Y HORA DE LA ÚLTIMA TRANSACCIÓN |
| campo de control |
20200929145503.0 |
| 008 - DATOS DE LONGITUD FIJA--INFORMACIÓN GENERAL |
| campo de control de longitud fija |
880414s1936 sp acf b 000 0 spa |
| 040 ## - FUENTE DE LA CATALOGACIÓN |
| Centro catalogador/agencia de origen |
DO-SdBNP |
| Lengua de catalogación |
spa |
| Centro/agencia transcriptor |
BNPHU |
| 100 1# - ENTRADA PRINCIPAL--NOMBRE DE PERSONA |
| Nombre de persona |
Glück, Gustav, |
| Fechas asociadas al nombre |
1871-1952 |
| 9 (RLIN) |
3891 |
| 245 10 - MENCIÓN DE TÍTULO |
| Título |
Arte del renacimiento fuera de Italia, / |
| Mención de responsabilidad, etc. |
Gustav Glück. |
| 260 ## - PUBLICACIÓN, DISTRIBUCIÓN, ETC. |
| Lugar de publicación, distribución, etc. |
Barcelona [etc.] : |
| Nombre del editor, distribuidor, etc. |
Editorial Labor, s.a., |
| Fecha de publicación, distribución, etc. |
[1936]. |
| 300 ## - DESCRIPCIÓN FÍSICA |
| Extensión |
5 p. l., 13-840, [1] p. incl. plates, ports. : |
| Otras características físicas |
plates (part fold. part mounted) col. mounted ports., diagrs. ; |
| Dimensiones |
28 cm. |
| 440 #0 - MENCIÓN DE SERIE/PUNTO DE ACCESO ADICIONAL--TÍTULO |
| Título |
Historia del arte Labor. |
| Designación de volumen o secuencia |
X |
| 9 (RLIN) |
3892 |
| 500 ## - NOTA GENERAL |
| Nota general |
Most of the mounted plates are colored. |
| 500 ## - NOTA GENERAL |
| Nota general |
"Obra directamente traducida del aleman por Ramon Iglesias ... con un estudio original sobre el Arte del renacimiento en Espana (texto, laminas y catalogo critico) por Jose Camon Aznar ... y las Artes industriales espanolas en el renacimiento, por Andres Calzada." |
| 504 ## - NOTA DE BIBLIOGRAFÍA, ETC. |
| Nota de bibliografía, etc. |
Incluye bibliografías. |
| 700 1# - PUNTO DE ACCESO ADICIONAL--NOMBRE DE PERSONA |
| Nombre de persona |
Calzada Echevarria, Andres, |
| Fechas asociadas al nombre |
1892-1938. |
| 9 (RLIN) |
3893 |